Structural and cyclical unemployment: what can be derived from the matching function?
Guardado en:
| Autor principal: | |
|---|---|
| Otros Autores: | |
| Formato: | Capítulo de libro |
| Lenguaje: | inglés |
| Materias: | |
| Etiquetas: |
Sin Etiquetas, Sea el primero en etiquetar este registro!
|
MARC
| LEADER | 00000naa$a2200000$$$4500 | ||
|---|---|---|---|
| 001 | 0060128 | ||
| 005 | 20231010111924.7 | ||
| 041 | 0 | |a eng | |
| 044 | |a CZ | ||
| 245 | 1 | 0 | |a Structural and cyclical unemployment: what can be derived from the matching function? |c Kamil Galuščák, Daniel Münich |
| 610 | 2 | 0 | |a nezamestnanosť |
| 610 | 2 | 0 | |a nezamestnanosť štruktúrna |
| 610 | 2 | 0 | |a ukazovatele makroekonomické |
| 610 | 2 | 0 | |a Česko |
| 610 | 2 | 0 | |a miesta pracovné voľné |
| 610 | 2 | 0 | |a Beveridgeova krivka |
| 100 | 1 | |a Galuščák, Kamil | |
| 700 | 1 | |a Münich, Daniel | |